[Event "5th Batumi Municipality Cup 2019"]
[Site "Batumi"]
[Date "2019.07.06"]
[Round "5.2"]
[White "Maghalashvili, Davit"]
[Black "Sargsyan, Shant"]
[Result "1/2-1/2"]
[WhiteElo "2485"]
[BlackElo "2529"]
[Annotator "ChessBase"]
[PlyCount "89"]
[EventDate "2019.07.04"]
[EventCountry "GEO"]
[SourceTitle "playchess.com"]
[Source "ChessBase"]
[SourceQuality "1"]

1. Nf3 Nf6 2. c4 g6 3. g3 Bg7 4. Bg2 O-O 5. O-O d6 6. d4 Ne4 7. Nbd2 Nxd2 8. Bxd2 e5 9. dxe5 dxe5 10. Bb4 Re8 11. Qxd8 Rxd8 12. Rfd1 Re8 13. Nd2 Na6 14. Ba3 h6 15. c5 c6 16. Nc4 Nc7 17. Nd6 Re7 18. Rd2 Rb8 19. Rad1 Be6 20. b3 a6 21. Bb4 Nb5 22. Ba5 f5 23. e4 f4 24. f3 g5 25. Nxb5 axb5 26. g4 Ree8 27. Rd8 Bf8 28. Rxe8 Rxe8 29. Bb6 Ra8 30. Rd2 Kf7 31. Kf2 Be7 32. Bf1 b4 33. h3 Ke8 34. Ke1 Bd8 35. Rd6 Ke7 36. Bc4 Bxc4 37. Bxd8+ Rxd8 38. Rxd8 Kxd8 39. bxc4 Kc7 40. Kd2 b5 41. cxb6+ Kxb6 42. Kc2 Ka5 43. Kb3 c5 44. a3 bxa3 45. Kxa3 1/2-1/2

[Event "5th Batumi Municipality Cup 2019"]
[Site "Batumi"]
[Date "2019.07.06"]
[Round "5.3"]
[White "Aliyev, Ravan"]
[Black "Kekelidze, Mikheil"]
[Result "1-0"]
[WhiteElo "2385"]
[BlackElo "2378"]
[Annotator "NA"]
[PlyCount "79"]
[EventDate "2019.07.04"]
[EventCountry "GEO"]
[SourceTitle "playchess.com"]
[Source "ChessBase"]
[SourceQuality "1"]

1. d4 d6 2. c4 e5 3. e3 f5 4. Nc3 Nf6 5. Nf3 e4 6. Ng5 c6 7. Nh3 Be7 8. Nf4 O-O 9. Be2 Na6 10. h4 Nc7 11. h5 a6 12. d5 Nd7 13. dxc6 bxc6 14. b3 a5 15. Ba3 Ne5 16. Qd2 Na6 17. Rd1 Nb4 18. Ncd5 Nxd5 19. Nxd5 Bg5 20. Nf4 Nf7 21. Bxd6 Nxd6 22. Qxd6 Qxd6 23. Rxd6 a4 24. c5 Ba6 25. Bxa6 Rxa6 26. b4 Rb8 27. a3 Bf6 28. Nd5 Bb2 29. Ne7+ Kf8 30. Nxc6 Rb5 31. Rd8+ Kf7 32. Nd4 Rb7 33. Nc2 Ke7 34. Rd1 Rh6 35. Ke2 Ra7 36. Rb1 Be5 37. b5 Rd7 38. b6 Rc6 39. Rb5 Rd5 40. Nb4 1-0

[Event "5th Batumi Municipality Cup 2019"]
[Site "Batumi"]
[Date "2019.07.06"]
[Round "5.4"]
[White "Nigalidze, Gaioz"]
[Black "Urazayev, Arystanbek"]
[Result "1/2-1/2"]
[WhiteElo "2563"]
[BlackElo "2436"]
[Annotator "ChessBase"]
[PlyCount "103"]
[EventDate "2019.07.04"]
[EventCountry "GEO"]
[SourceTitle "playchess.com"]
[Source "ChessBase"]
[SourceQuality "1"]

1. Nf3 d5 2. d4 Nf6 3. c4 e6 4. cxd5 exd5 5. Nc3 a6 6. Bg5 Be6 7. e3 Nbd7 8. Bd3 Bd6 9. Bh4 h6 10. Bg3 Qe7 11. Nh4 c6 12. Nf5 Bxf5 13. Bxf5 O-O 14. Qc2 Bxg3 15. hxg3 Rfe8 16. Rh4 Nb6 17. O-O-O Nc4 18. Rdh1 Nd6 19. Bd3 Rac8 20. Kb1 c5 21. dxc5 Rxc5 22. Rd4 Nde4 23. Bxe4 Nxe4 24. Nxd5 Qe5 25. Nc3 Nxc3+ 26. bxc3 Qc7 27. Rd3 Rc8 28. Rc1 a5 29. Qd2 a4 30. Kc2 Qc6 31. f3 Qg6 32. g4 Rd5 33. e4 Rxd3 34. Qxd3 Qe6 35. Qd5 Qe7 36. Qb5 Qa3 37. Kb1 Rxc3 38. Rxc3 Qxc3 39. Qxa4 Qd3+ 40. Qc2 Qb5+ 41. Kc1 Qf1+ 42. Kb2 Qb5+ 43. Kc3 g6 44. Kd4 Qb6+ 45. Kd3 Qg1 46. e5 Qb6 47. f4 Qb4 48. Qc8+ Kg7 49. f5 Qb5+ 50. Kc2 Qe2+ 51. Kb3 Qb5+ 52. Kc2 1/2-1/2

[Event "5th Batumi Municipality Cup 2019"]
[Site "Batumi"]
[Date "2019.07.06"]
[Round "5.5"]
[White "Barsov, Alexei"]
[Black "Gharibyan, Mamikon"]
[Result "1/2-1/2"]
[WhiteElo "2397"]
[BlackElo "2350"]
[Annotator "NA"]
[PlyCount "81"]
[EventDate "2019.07.04"]
[EventCountry "GEO"]
[SourceTitle "playchess.com"]
[Source "ChessBase"]
[SourceQuality "1"]

1. d4 Nf6 2. c4 e6 3. Nf3 d5 4. Nc3 a6 5. cxd5 exd5 6. Bg5 Be6 7. e3 Nbd7 8. Bd3 Bd6 9. O-O c6 10. Bf4 Qc7 11. Bxd6 Qxd6 12. h3 h6 13. Qc2 O-O 14. Na4 b6 15. Ne5 c5 16. Nxd7 Nxd7 17. dxc5 bxc5 18. Rfd1 Rfc8 19. Rac1 Qe5 20. b3 c4 21. bxc4 dxc4 22. Be4 Qa5 23. Bxa8 Rxa8 24. Nb2 Nb6 25. a4 Qb4 26. Rd4 Rb8 27. Qd2 a5 28. Qxb4 axb4 29. a5 c3 30. Rxb4 cxb2 31. Rxb2 Nd7 32. Rxb8+ Nxb8 33. e4 Kf8 34. f4 Ke7 35. Rb1 Nc6 36. Rb7+ Kd8 37. a6 Kc8 38. Rb6 Kc7 39. Rb7+ Kc8 40. Rb6 Kc7 41. Rb7+ 1/2-1/2

[Event "5th Batumi Municipality Cup 2019"]
[Site "Batumi"]
[Date "2019.07.06"]
[Round "5.6"]
[White "Garayev, Kanan"]
[Black "Babazada, Khazar"]
[Result "1/2-1/2"]
[WhiteElo "2351"]
[BlackElo "2247"]
[Annotator "NA"]
[PlyCount "27"]
[EventDate "2019.07.04"]
[EventCountry "GEO"]
[SourceTitle "playchess.com"]
[Source "ChessBase"]
[SourceQuality "1"]

1. d4 Nf6 2. Nf3 g6 3. g3 Bg7 4. Bg2 d5 5. O-O O-O 6. c4 c6 7. Nbd2 Ne4 8. e3 f5 9. b3 e6 10. Ba3 Re8 11. Bc1 Rf8 12. Ba3 Re8 13. Bc1 Rf8 14. Ba3 1/2-1/2

[Event "5th Batumi Municipality Cup 2019"]
[Site "Batumi"]
[Date "2019.07.06"]
[Round "5.7"]
[White "Morchiashvili, Bachana"]
[Black "Sargissyan, Sargis"]
[Result "0-1"]
[WhiteElo "2335"]
[BlackElo "2229"]
[Annotator "NA"]
[PlyCount "118"]
[EventDate "2019.07.04"]
[EventCountry "GEO"]
[SourceTitle "playchess.com"]
[Source "ChessBase"]
[SourceQuality "1"]

1. d4 Nf6 2. Nf3 g6 3. c4 Bg7 4. Nc3 O-O 5. e4 d6 6. Be2 e5 7. O-O Na6 8. Be3 c6 9. d5 Ng4 10. Bg5 f6 11. Bh4 c5 12. Nd2 h5 13. a3 Nh6 14. f3 Nf7 15. Rb1 Bh6 16. Bf2 f5 17. b4 b6 18. bxc5 bxc5 19. Rb2 Bd7 20. Kh1 h4 21. Bd3 Bf4 22. Qc2 Qg5 23. Nb3 Qh5 24. Be2 Bg3 25. exf5 gxf5 26. Na5 Nd8 27. Bd1 Rf7 28. Qd2 Rg7 29. Nc6 Bf4 30. Qd3 Nxc6 31. dxc6 Bxc6 32. Qxd6 h3 33. Bg1 Rg6 34. Qd3 hxg2+ 35. Rxg2 Rxg2 36. Kxg2 Kh8 37. Kh1 Rg8 38. Qe2 Nc7 39. Bxc5 Ne6 40. Bd6 e4 41. Bxf4 Nxf4 42. Qd2 Qg5 43. fxe4 fxe4 44. Nd5 Nxd5 45. Qxg5 Rxg5 46. h4 Ne3 47. Re1 Rg3 48. Kh2 Rg2+ 49. Kh1 Rd2 50. Rxe3 Rxd1+ 51. Kg2 Rc1 52. Kg3 Rxc4 53. Kf4 Kh7 54. Rg3 Rc5 55. Rb3 Kg6 56. Rb8 Rf5+ 57. Kg4 Bd7 58. Kg3 Rf3+ 59. Kg2 Rxa3 0-1

[Event "5th Batumi Municipality Cup 2019"]
[Site "Batumi"]
[Date "2019.07.06"]
[Round "5.8"]
[White "Lomsadze, Davit"]
[Black "Sibashvili, Giorgi"]
[Result "1/2-1/2"]
[WhiteElo "2292"]
[BlackElo "2389"]
[Annotator "NA"]
[PlyCount "95"]
[EventDate "2019.07.04"]
[EventCountry "GEO"]
[SourceTitle "playchess.com"]
[Source "ChessBase"]
[SourceQuality "1"]

1. g3 Nf6 2. Bg2 d5 3. d3 e6 4. Nf3 Be7 5. O-O b6 6. Nbd2 Bb7 7. e4 c5 8. e5 Nfd7 9. Re1 Nc6 10. Nf1 Qc7 11. Qe2 O-O-O 12. h4 Rhe8 13. Bf4 h6 14. c3 Rg8 15. Qd2 Rde8 16. N1h2 Qd8 17. Ng4 g5 18. Nxh6 gxf4 19. Nxg8 Rxg8 20. Qxf4 Qf8 21. a3 f6 22. exf6 Bd6 23. Qe3 e5 24. f7 Rh8 25. Ng5 Nd8 26. Qf3 Be7 27. Qf5 Bxg5 28. hxg5 Nxf7 29. g6 Nd6 30. Qe6 Kc7 31. b4 Qf5 32. Qxf5 Nxf5 33. bxc5 bxc5 34. Rab1 Rh6 35. g4 Ne7 36. f4 Nxg6 37. fxe5 Ngxe5 38. d4 Nxg4 39. c4 Rb6 40. Rxb6 axb6 41. cxd5 cxd4 42. Re4 Ne3 43. d6+ Kd8 44. Rxe3 dxe3 45. Bxb7 Nc5 46. Bc6 Ne6 47. Kf1 Nd4 48. Ba4 1/2-1/2

[Event "5th Batumi Municipality Cup 2019"]
[Site "Batumi"]
[Date "2019.07.06"]
[Round "5.9"]
[White "Yeritsyan, Hayk"]
[Black "Chkhaidze, Nikoloz"]
[Result "0-1"]
[WhiteElo "2210"]
[BlackElo "2330"]
[Annotator "NA"]
[PlyCount "88"]
[EventDate "2019.07.04"]
[EventCountry "GEO"]
[SourceTitle "playchess.com"]
[Source "ChessBase"]
[SourceQuality "1"]

1. Nf3 Nf6 2. b3 b6 3. Bb2 Bb7 4. e3 e6 5. c4 c5 6. d4 cxd4 7. exd4 Bb4+ 8. Nbd2 O-O 9. a3 Bxf3 10. gxf3 Be7 11. d5 exd5 12. Qc2 Nc6 13. cxd5 Nxd5 14. Bc4 Nf4 15. O-O-O Bf6 16. Ne4 Bxb2+ 17. Qxb2 d5 18. Rhg1 d4 19. Kb1 a6 20. Qc1 Ng6 21. h4 b5 22. Bxf7+ Rxf7 23. Qxc6 Ne5 24. Qe6 Qe7 25. Qxe7 Rxe7 26. Nf6+ Kh8 27. Nd5 Rf7 28. f4 Nf3 29. Rh1 Rd8 30. Rh3 Nxh4 31. Rxh4 Rxd5 32. Kc2 Rc5+ 33. Kd2 h6 34. Re1 Rc3 35. Re6 Rxb3 36. Rxa6 Rb2+ 37. Kd3 Rxf2 38. Ke4 Rd7 39. Rh1 d3 40. Rg6 d2 41. Rgg1 Re2+ 42. Kf3 Rde7 43. Rd1 R7e3+ 44. Kg4 Re1 0-1

[Event "5th Batumi Municipality Cup 2019"]
[Site "Batumi"]
[Date "2019.07.06"]
[Round "5.10"]
[White "Lortkipanidze, Nodar"]
[Black "Poghosyan, Suren"]
[Result "1-0"]
[WhiteElo "2311"]
[BlackElo "2298"]
[Annotator "NA"]
[PlyCount "75"]
[EventDate "2019.07.04"]
[EventCountry "GEO"]
[SourceTitle "playchess.com"]
[Source "ChessBase"]
[SourceQuality "1"]

1. e4 e6 2. d4 d5 3. Nd2 Be7 4. Bd3 c5 5. dxc5 Nf6 6. Qe2 O-O 7. Ngf3 a5 8. O-O Na6 9. e5 Nd7 10. Nd4 Naxc5 11. f4 Nxd3 12. cxd3 Qb6 13. N2f3 Nc5 14. Be3 Qa6 15. Rad1 f5 16. exf6 Bxf6 17. g4 Qd6 18. Nb5 Qb6 19. Rc1 Be7 20. Bxc5 Bxc5+ 21. d4 Be7 22. Nc7 Rb8 23. f5 Bd8 24. Qe5 Bf6 25. Nxd5 exd5 26. Qxb8 Bxf5 27. Qc7 Bxd4+ 28. Nxd4 Qxd4+ 29. Rf2 Bxg4 30. Qc5 Rf4 31. Qxd4 Rxd4 32. Rc7 h5 33. Rff7 Rd1+ 34. Kf2 Rd2+ 35. Kg3 g5 36. Rg7+ Kf8 37. Rxg5 Rd3+ 38. Kf4 1-0

[Event "5th Batumi Municipality Cup 2019"]
[Site "Batumi"]
[Date "2019.07.06"]
[Round "5.11"]
[White "Atakishiyev, Elmar"]
[Black "Manukyan, Sargis V."]
[Result "0-1"]
[WhiteElo "2302"]
[BlackElo "2282"]
[Annotator "NA"]
[PlyCount "62"]
[EventDate "2019.07.04"]
[EventCountry "GEO"]
[SourceTitle "playchess.com"]
[Source "ChessBase"]
[SourceQuality "1"]

1. d4 Nf6 2. c4 c5 3. d5 e6 4. Nc3 exd5 5. cxd5 d6 6. e4 g6 7. f4 Bg7 8. Be2 O-O 9. Nf3 Re8 10. e5 dxe5 11. fxe5 Ng4 12. e6 fxe6 13. d6 Nc6 14. O-O Nd4 15. Ne4 Bd7 16. Bg5 Qb6 17. Nxd4 Bxd4+ 18. Kh1 Bc6 19. Bxg4 Bxe4 20. d7 Red8 21. Bxd8 Rxd8 22. Bf3 Qc6 23. Bxe4 Qxe4 24. Qa4 a6 25. Rf3 Qd5 26. Raf1 Rxd7 27. Rf8+ Kg7 28. Re8 e5 29. b3 Rf7 30. Re1 Rf2 31. Rg1 Qxg2+ 0-1

[Event "5th Batumi Municipality Cup 2019"]
[Site "Batumi"]
[Date "2019.07.06"]
[Round "5.12"]
[White "Eynullayev, Atilla"]
[Black "Akhvlediani, Irakli"]
[Result "0-1"]
[WhiteElo "2228"]
[BlackElo "2259"]
[Annotator "NA"]
[PlyCount "68"]
[EventDate "2019.07.04"]
[EventCountry "GEO"]
[SourceTitle "playchess.com"]
[Source "ChessBase"]
[SourceQuality "1"]

1. d4 Nf6 2. c4 g6 3. Nc3 Bg7 4. e4 O-O 5. Be2 d6 6. Be3 Nbd7 7. Nf3 e5 8. O-O c6 9. d5 c5 10. a3 Ne8 11. Qd2 f5 12. exf5 gxf5 13. Bg5 Ndf6 14. Nh4 f4 15. f3 h6 16. Bxf6 Bxf6 17. Ng6 Rf7 18. Bd3 Bg5 19. Qc2 Ng7 20. g4 fxg3 21. hxg3 Nf5 22. f4 Ne3 23. Qh2 Nxf1 24. Rxf1 exf4 25. gxf4 Qf6 26. fxg5 Qd4+ 27. Rf2 Qxd3 28. Qxd6 Rxf2 29. Kxf2 Qd4+ 30. Kg2 hxg5 31. Ne5 Qd2+ 32. Kg3 Qf4+ 33. Kg2 Bf5 34. Qe7 Rf8 0-1

[Event "5th Batumi Municipality Cup 2019"]
[Site "Batumi"]
[Date "2019.07.06"]
[Round "5.14"]
[White "Dolzhykova, Kateryna"]
[Black "Eynullayev, Altay"]
[Result "0-1"]
[WhiteElo "2228"]
[BlackElo "2188"]
[Annotator "NA"]
[PlyCount "98"]
[EventDate "2019.07.04"]
[EventCountry "GEO"]
[SourceTitle "playchess.com"]
[Source "ChessBase"]
[SourceQuality "1"]

1. e4 c5 2. Nf3 d6 3. Bb5+ Nd7 4. Ba4 Ngf6 5. O-O a6 6. c4 e6 7. Nc3 Be7 8. d4 cxd4 9. Nxd4 O-O 10. Bxd7 Bxd7 11. Be3 Qa5 12. a4 Rac8 13. Qe2 Qb4 14. Rfc1 Rfe8 15. b3 e5 16. Nf3 Bg4 17. a5 Qxb3 18. Na4 Bd8 19. Bd2 d5 20. exd5 e4 21. Nd4 Bxe2 22. Nxb3 Rxc4 23. d6 Re6 24. Bf4 Nh5 25. Nbc5 Nxf4 26. Nxe6 Nxe6 27. Nb6 Bxb6 28. axb6 f5 29. d7 Kf7 30. Rxc4 Bxc4 31. Rc1 Bb5 32. Rc7 Nd8 33. g4 f4 34. h4 Bc6 35. g5 Ke7 36. h5 a5 37. Rc8 a4 38. h6 gxh6 39. gxh6 Kxd7 40. Rc7+ Ke6 41. Rc8 Ke7 42. Rc7+ Bd7 43. Rc4 Bc6 44. Rc5 Kd6 45. Rf5 Bd5 46. Rf8 Nf7 47. Ra8 Bb3 48. Ra5 Nxh6 49. Rh5 Nf7 0-1

[Event "5th Batumi Municipality Cup 2019"]
[Site "Batumi"]
[Date "2019.07.06"]
[Round "5.15"]
[White "Kutsanyan, Andranik"]
[Black "Hajiyeva, Laman"]
[Result "1-0"]
[WhiteElo "2223"]
[BlackElo "2107"]
[Annotator "NA"]
[PlyCount "71"]
[EventDate "2019.07.04"]
[EventCountry "GEO"]
[SourceTitle "playchess.com"]
[Source "ChessBase"]
[SourceQuality "1"]

1. e4 e6 2. d4 d5 3. Nd2 Nf6 4. e5 Nfd7 5. Bd3 c5 6. c3 Nc6 7. Ne2 cxd4 8. cxd4 f6 9. exf6 Qxf6 10. O-O Bd6 11. Nf3 h6 12. Bc2 O-O 13. Ng3 Rd8 14. Nh5 Qf7 15. Nh4 Nf8 16. f4 Nxd4 17. Qxd4 Qxh5 18. Nf3 Bd7 19. b4 Rac8 20. Bb2 Qf7 21. Bd3 Qe7 22. f5 Bxb4 23. f6 Qc5 24. fxg7 Nh7 25. Ne5 Ng5 26. Rf8+ Rxf8 27. gxf8=Q+ Rxf8 28. Nxd7 Qxd4+ 29. Bxd4 Rf4 30. Be5 Rf7 31. Nf6+ Kf8 32. Rc1 Re7 33. Rc8+ Kf7 34. Ng8 Rd7 35. Nxh6+ Ke7 36. Bg6 1-0

[Event "5th Batumi Municipality Cup 2019"]
[Site "Batumi"]
[Date "2019.07.06"]
[Round "5.16"]
[White "Mustafayev, Farid"]
[Black "Khachatryan, Anna"]
[Result "1-0"]
[WhiteElo "2289"]
[BlackElo "2027"]
[Annotator "NA"]
[PlyCount "53"]
[EventDate "2019.07.04"]
[EventCountry "GEO"]
[SourceTitle "playchess.com"]
[Source "ChessBase"]
[SourceQuality "1"]

1. e4 c5 2. c3 e6 3. d4 d5 4. e5 Nc6 5. Nf3 Nh6 6. Na3 Nf5 7. Nc2 cxd4 8. cxd4 Be7 9. Bd3 Qb6 10. O-O Bd7 11. g4 Nh4 12. Nxh4 Bxh4 13. g5 h5 14. Be3 O-O-O 15. f4 f6 16. Qf3 Qxb2 17. Rfb1 Qc3 18. Rb3 Qa5 19. Qh3 Bxg5 20. fxg5 fxe5 21. dxe5 Nxe5 22. Qg3 Nc6 23. Nd4 Qc7 24. Qxc7+ Kxc7 25. Nb5+ Kb8 26. Nd6 Rhf8 27. Nxb7 1-0

[Event "5th Batumi Municipality Cup 2019"]
[Site "Batumi"]
[Date "2019.07.06"]
[Round "5.17"]
[White "Haussernot, Cecile"]
[Black "Quparadze, Giga"]
[Result "0-1"]
[WhiteElo "2178"]
[BlackElo "2499"]
[Annotator "ChessBase"]
[PlyCount "84"]
[EventDate "2019.07.04"]
[EventCountry "GEO"]
[SourceTitle "playchess.com"]
[Source "ChessBase"]
[SourceQuality "1"]

1. e4 c5 2. Nf3 Nc6 3. Nc3 e6 4. d4 cxd4 5. Nxd4 Qc7 6. f4 a6 7. Be3 b5 8. Qd2 Bb7 9. Be2 Nf6 10. e5 Nxd4 11. Bxd4 Ne4 12. Nxe4 Bxe4 13. Bd3 Bd5 14. O-O Bc5 15. Bxc5 Qxc5+ 16. Rf2 g6 17. Rd1 O-O 18. a3 Rad8 19. Kh1 d6 20. Re1 dxe5 21. fxe5 Qd4 22. Rf6 Bc4 23. Rf4 Qxb2 24. Rh4 f5 25. Qh6 Rd7 26. Bxc4 bxc4 27. Rxc4 Qxa3 28. Rc6 Re8 29. Qf4 Qa5 30. Rg1 Qb5 31. Rc3 a5 32. Rb3 Qc6 33. c4 a4 34. Ra3 Ra8 35. Rc1 Qc5 36. Qf3 Ra5 37. Rb1 Qxc4 38. Rc3 Qe4 39. Qf1 a3 40. Qc1 a2 41. Rb8+ Kg7 42. Rcc8 f4 0-1

[Event "5th Batumi Municipality Cup 2019"]
[Site "Batumi"]
[Date "2019.07.07"]
[Round "6.1"]
[White "Pantsulaia, Levan"]
[Black "Sargsyan, Shant"]
[Result "1/2-1/2"]
[WhiteElo "2612"]
[BlackElo "2529"]
[Annotator "RC"]
[PlyCount "176"]
[EventDate "2019.07.04"]
[EventCountry "GEO"]
[SourceTitle "playchess.com"]
[Source "ChessBase"]
[SourceQuality "1"]

1. c4 e6 2. Nf3 d5 3. b3 c5 4. g3 Nc6 5. Bg2 d4 6. O-O e5 7. d3 Be7 8. Na3 Nf6 9. Nc2 h6 10. a3 a5 11. Bd2 O-O 12. Rb1 e4 13. Nfe1 Bf5 14. b4 axb4 15. axb4 b6 16. bxc5 bxc5 17. Rb5 Qd7 18. Bf4 Rfe8 19. Na1 g5 20. Bd2 Rac8 21. Nb3 Ne5 22. f4 Neg4 23. fxg5 hxg5 24. Bxg5 Nxh2 25. Rf4 Nhg4 26. Bxf6 Nxf6 27. dxe4 Bg6 28. Nd3 Nh5 29. Nbxc5 Bxc5 30. Nxc5 Qe7 31. Qxd4 Nxf4 32. gxf4 Red8 33. Qe3 Rd1+ 34. Kf2 Qh4+ 35. Qg3 Qxg3+ 36. Kxg3 Rd4 37. f5 Bh5 38. Bf3 Bxf3 39. exf3 Kg7 40. e5 Rxc4 41. Ne4 R8c6 42. Kf4 Rc1 43. Rd5 Rc7 44. Nd6 R7c5 45. Rd4 Rc6 46. Ne4 R6c4 47. Rd5 Rc7 48. e6 fxe6 49. fxe6 Rf1 50. Rg5+ Kf8 51. Rf5+ Kg7 52. Ke5 Ra7 53. Rg5+ Kf8 54. Rg3 Ra3 55. Rh3 Rfxf3 56. Rh8+ Kg7 57. e7 Ra5+ 58. Kd6 Ra6+ 59. Kc5 Ra5+ 60. Kb6 Re5 61. e8=Q Rxe8 62. Rxe8 Rd3 63. Kc6 Kg6 64. Rf8 Rd1 65. Kc5 Kg7 66. Rf6 Re1 67. Re6 Rd1 68. Nd6 Rd2 69. Kc6 Ra2 70. Kd5 Ra5+ 71. Ke4 Ra4+ 72. Ke5 Ra5+ 73. Kf4 Ra1 74. Ne4 Rf1+ 75. Ke5 Re1 76. Ra6 Kf7 77. Ra2 Kg7 78. Rg2+ Kf7 79. Rg4 Re2 80. Kd6 Ra2 81. Rf4+ Kg6 82. Rf6+ Kg7 83. Ke5 Ra5+ 84. Kf4 Ra1 85. Rb6 Rf1+ 86. Ke5 Re1 87. Ra6 Kf7 88. Rf6+ Ke7 1/2-1/2

[Event "5th Batumi Municipality Cup 2019"]
[Site "Batumi"]
[Date "2019.07.07"]
[Round "6.2"]
[White "Aliyev, Ravan"]
[Black "Sanikidze, Tornike"]
[Result "0-1"]
[WhiteElo "2385"]
[BlackElo "2509"]
[Annotator "ChessBase"]
[PlyCount "122"]
[EventDate "2019.07.04"]
[EventCountry "GEO"]
[SourceTitle "playchess.com"]
[Source "ChessBase"]
[SourceQuality "1"]

1. d4 e6 2. c4 b6 3. a3 Bb7 4. Nc3 Nf6 5. Nf3 d5 6. cxd5 Nxd5 7. e3 g6 8. Bb5+ c6 9. Bd3 Bg7 10. O-O O-O 11. Ne4 Qe7 12. Bd2 Nd7 13. Rc1 e5 14. Ng3 c5 15. Re1 Rfd8 16. Qb3 N5f6 17. Bc4 Ne4 18. Nxe4 Bxe4 19. Bxf7+ Qxf7 20. Qxf7+ Kxf7 21. Ng5+ Kg8 22. Nxe4 exd4 23. exd4 Bxd4 24. Bc3 Rac8 25. Rcd1 Ne5 26. Bxd4 Rxd4 27. Nd6 Rxd1 28. Rxd1 Rd8 29. Rd2 Kf8 30. Nc4 Rxd2 31. Nxd2 b5 32. Ne4 c4 33. Kf1 Nd3 34. Nc3 a6 35. Nd1 Ke7 36. Ke2 Kd6 37. Ke3 g5 38. Ke4 Ke6 39. g3 Nc5+ 40. Kd4 Na4 41. f3 h6 42. Ke4 Nc5+ 43. Kd4 Nd3 44. Ke4 Nc5+ 45. Kd4 Na4 46. Ke4 Kd6 47. Kd4 Kc6 48. Ke5 Nc5 49. f4 Nd3+ 50. Ke4 gxf4 51. gxf4 Kd6 52. f5 h5 53. h4 Ke7 54. Kd4 Kf6 55. b3 Ne5 56. bxc4 Nxc4 57. a4 Nd6 58. axb5 Nxb5+ 59. Kd3 Kxf5 60. Ne3+ Kf4 61. Nd5+ Ke5 {Kd4+} 0-1

[Event "5th Batumi Municipality Cup 2019"]
[Site "Batumi"]
[Date "2019.07.07"]
[Round "6.3"]
[White "Sargissyan, Sargis"]
[Black "Maghalashvili, Davit"]
[Result "0-1"]
[WhiteElo "2229"]
[BlackElo "2485"]
[Annotator "ChessBase"]
[PlyCount "74"]
[EventDate "2019.07.04"]
[EventCountry "GEO"]
[SourceTitle "playchess.com"]
[Source "ChessBase"]
[SourceQuality "1"]

1. e4 c5 2. Nc3 a6 3. Nf3 d6 4. d4 cxd4 5. Nxd4 Nf6 6. a3 e5 7. Nf5 d5 8. Bg5 d4 9. Bxf6 gxf6 10. Nb1 Bxf5 11. exf5 Qd5 12. Nd2 Bh6 13. f3 Nd7 14. Bd3 Qa5 15. b4 Qc7 16. Ne4 Be3 17. Qe2 Ke7 18. c4 Nb6 19. Ra2 a5 20. b5 Na4 21. Rc2 Nc5 22. Nxc5 Qxc5 23. Ra2 Rac8 24. Kf1 h5 25. Qe1 h4 26. Ke2 Rhg8 27. Kf1 Rh8 28. Ke2 b6 29. Kd1 Rhg8 30. g3 Rg7 31. g4 e4 32. fxe4 Rxg4 33. Qf1 Rcg8 34. Qh3 Rg1+ 35. Rxg1 Rxg1+ 36. Kc2 Rc1+ 37. Kb2 Rxc4 0-1

[Event "5th Batumi Municipality Cup 2019"]
[Site "Batumi"]
[Date "2019.07.07"]
[Round "6.4"]
[White "Urazayev, Arystanbek"]
[Black "Barsov, Alexei"]
[Result "1/2-1/2"]
[WhiteElo "2436"]
[BlackElo "2397"]
[Annotator "NA"]
[PlyCount "28"]
[EventDate "2019.07.04"]
[EventCountry "GEO"]
[SourceTitle "playchess.com"]
[Source "ChessBase"]
[SourceQuality "1"]

1. e4 c6 2. d4 d5 3. Nd2 dxe4 4. Nxe4 Bf5 5. Ng3 Bg6 6. h4 h6 7. Nf3 e6 8. Ne5 Bh7 9. Bd3 Bxd3 10. Qxd3 Nd7 11. Bf4 Nxe5 12. Bxe5 Qa5+ 13. c3 Nf6 14. Ne4 Nxe4 1/2-1/2

[Event "5th Batumi Municipality Cup 2019"]
[Site "Batumi"]
[Date "2019.07.07"]
[Round "6.5"]
[White "Manukyan, Sargis V."]
[Black "Nigalidze, Gaioz"]
[Result "1/2-1/2"]
[WhiteElo "2282"]
[BlackElo "2563"]
[Annotator "ChessBase"]
[PlyCount "43"]
[EventDate "2019.07.04"]
[EventCountry "GEO"]
[SourceTitle "playchess.com"]
[Source "ChessBase"]
[SourceQuality "1"]

1. d4 Nf6 2. c4 e6 3. Nc3 Bb4 4. e3 O-O 5. Bd2 d5 6. Nf3 b6 7. cxd5 exd5 8. Bd3 Bb7 9. Rc1 a6 10. O-O Bd6 11. Ne5 c5 12. f4 Nc6 13. Ng4 Nxg4 14. Qxg4 Nb4 15. Bb1 c4 16. a3 Nd3 17. Bxd3 cxd3 18. Qf5 Be7 19. Qxd3 Qd7 20. Rc2 Rfc8 21. Rfc1 a5 22. a4 1/2-1/2

[Event "5th Batumi Municipality Cup 2019"]
[Site "Batumi"]
[Date "2019.07.07"]
[Round "6.6"]
[White "Kekelidze, Mikheil"]
[Black "Lortkipanidze, Nodar"]
[Result "1-0"]
[WhiteElo "2378"]
[BlackElo "2311"]
[Annotator "NA"]
[PlyCount "54"]
[EventDate "2019.07.04"]
[EventCountry "GEO"]
[SourceTitle "playchess.com"]
[Source "ChessBase"]
[SourceQuality "1"]

1. d4 e6 2. Nf3 f5 3. Bg5 Nf6 4. Nbd2 d5 5. e3 Bd6 6. c4 c6 7. Bd3 O-O 8. c5 Be7 9. Ne5 Nbd7 10. Ndf3 h6 11. h4 Qa5+ 12. Ke2 hxg5 13. hxg5 Ne4 14. g6 Bg5 15. Nxd7 Bxd7 16. Bxe4 Qb5+ 17. Bd3 Qxb2+ 18. Kf1 Bh6 19. Rb1 Qxa2 20. Rxb7 Rad8 21. g3 Rb8 22. Rxd7 Rb2 23. Qe1 Rfb8 24. Kg2 Kf8 25. Rf1 R8b3 26. Ne5 Rd2 27. Rxa7 Rxf2+ 1-0

[Event "5th Batumi Municipality Cup 2019"]
[Site "Batumi"]
[Date "2019.07.07"]
[Round "6.7"]
[White "Akhvlediani, Irakli"]
[Black "Garayev, Kanan"]
[Result "0-1"]
[WhiteElo "2259"]
[BlackElo "2351"]
[Annotator "NA"]
[PlyCount "72"]
[EventDate "2019.07.04"]
[EventCountry "GEO"]
[SourceTitle "playchess.com"]
[Source "ChessBase"]
[SourceQuality "1"]

1. d4 d5 2. c4 dxc4 3. e4 b5 4. a4 c6 5. Nc3 a6 6. axb5 cxb5 7. Nxb5 axb5 8. Rxa8 Bb7 9. Ra1 e6 10. Ne2 Bxe4 11. b3 Nc6 12. Nc3 Bb4 13. Bd2 Bxc3 14. Bxc3 b4 15. Bd2 c3 16. Be3 Nge7 17. Bd3 Bxd3 18. Qxd3 Qd5 19. Ra8+ Nd8 20. Qa6 Qxg2 21. Qb5+ Nec6 22. Rf1 O-O 23. Qg5 Qe4 24. Rg1 g6 25. Qf6 h6 26. Rg4 Qf5 27. Qxf5 exf5 28. Rg1 f4 29. Bxf4 Nxd4 30. Kf1 N8c6 31. Rxf8+ Kxf8 32. Kg2 Nxb3 33. Kf3 g5 34. Bd6+ Ke8 35. Re1+ Kd7 36. Bxb4 Nxb4 0-1

[Event "5th Batumi Municipality Cup 2019"]
[Site "Batumi"]
[Date "2019.07.07"]
[Round "6.8"]
[White "Babazada, Khazar"]
[Black "Gharibyan, Mamikon"]
[Result "0-1"]
[WhiteElo "2247"]
[BlackElo "2350"]
[Annotator "NA"]
[PlyCount "102"]
[EventDate "2019.07.04"]
[EventCountry "GEO"]
[SourceTitle "playchess.com"]
[Source "ChessBase"]
[SourceQuality "1"]

1. e4 c5 2. Nf3 Nc6 3. d4 cxd4 4. Nxd4 Qb6 5. Nb3 Nf6 6. Nc3 e6 7. Be3 Qc7 8. a3 a6 9. Be2 d6 10. g4 b5 11. g5 Nd7 12. f4 Bb7 13. Qd2 Nc5 14. Bf3 Be7 15. h4 h6 16. Kf2 O-O-O 17. Rag1 g6 18. Qe2 Kb8 19. Rd1 Rc8 20. Kg2 Na4 21. Nxa4 bxa4 22. Nd4 Na5 23. c3 Nc4 24. Bf2 hxg5 25. hxg5 Rxh1 26. Rxh1 e5 27. fxe5 dxe5 28. Nc2 Bxg5 29. Rd1 Rd8 30. Rxd8+ Bxd8 31. Nb4 Be7 32. Nd5 Bxd5 33. exd5 f5 34. Qc2 Bc5 35. Qxa4 Bxf2 36. Be2 e4 37. Qe8+ Ka7 38. Kxf2 Qf4+ 39. Ke1 Qd2+ 40. Kf1 Qf4+ 41. Ke1 Qc1+ 42. Kf2 Qe3+ 43. Ke1 Qg1+ 44. Bf1 Qg3+ 45. Kd1 Ne3+ 46. Ke2 Qf3+ 47. Kd2 Qf2+ 48. Be2 Nc4+ 49. Kd1 Nxb2+ 50. Kc1 Qe1+ 51. Kxb2 Qxe2+ 0-1